000 00451nam a2200133 4500
999 _c14681
_d14681
008 191022b ||||| |||| 00| 0 eng d
022 _a03080587
082 _aDPer 420.5 M72 Apr-Oct 2011 v. 20, n. 2-4
245 _aTechnology matters/
_cMichael Carrier.
260 _aChichester, West Sussex:
_bPavilion Publishing,
_c©2011.
300 _av20 n4, pages 33:
_bcolor illustrations;
_c30 cm.
650 _aTeaching
_xTechnology.
_940640
942 _2ddc
_cPER